[Event "BCF-ch 5-day op PM Week 1"]
[Site "Torquay"]
[Date "2013.08.03"]
[Round "5.92"]
[White "Calderon, Paul"]
[Black "Stone, Mark R"]
[Result "1-0"]
[WhiteElo "1778"]
[BlackElo "1596"]
[PlyCount "97"]
[EventDate "2013.07.29"]
[EventType "swiss"]
[EventRounds "5"]
[EventCountry "ENG"]
[SourceTitle "EXT 2023"]
[Source "ChessBase"]
[SourceDate "2022.10.05"]
[SourceVersion "1"]
[SourceVersionDate "2022.10.05"]
[SourceQuality "1"]

1. c4 e5 2. g3 Nf6 3. Bg2 d5 4. cxd5 Nxd5 5. Nc3 Be6 6. Nf3 f6 7. Qb3 Nc6 8. 0-0 Rb8 9. Nxe5 Na5 10. Qa4+ c6 11. Nf3 Nxc3 12. dxc3 b5 13. Qc2 c5 14. e4 Be7 15. Bf4 Rb6 16. Rad1 Qc8 17. b3 0-0 18. e5 fxe5 19. Bxe5 Bf5 20. Qc1 h6 21. Rfe1 Re6 22. Bf4 Rxe1+ 23. Rxe1 Bf6 24. Be5 Qd8 25. Bxf6 Qxf6 26. Ne5 Bc8 27. Qe3 Bb7 28. Qxc5 Bxg2 29. Kxg2 a6 30. f4 Qd8 31. Qd4 Qxd4 32. cxd4 Rd8 33. Rd1 Nb7 34. Kf3 Nd6 35. d5 Rc8 36. Nc6 Re8 37. Rd3 Kf7 38. Re3 Rxe3+ 39. Kxe3 Kf6 40. g4 Nb7 41. b4 Nd6 42. Nb8 Nc4+ 43. Kd4 a5 44. bxa5 Nxa5 45. Kc5 Nb7+ 46. Kxb5 Nd6+ 47. Kc6 Ke7 48. a4 Nc4 49. Kc7 1-0

[Event "BCF-ch U16"]
[Site "Torquay"]
[Date "2013.08.01"]
[Round "5.43"]
[White "Calderon, Paul"]
[Black "Taylor, Adam A"]
[Result "1-0"]
[WhiteElo "1778"]
[BlackElo "1967"]
[PlyCount "78"]
[EventDate "2013.07.29"]
[EventType "swiss"]
[EventRounds "7"]
[EventCountry "ENG"]
[SourceTitle "EXT 2023"]
[Source "ChessBase"]
[SourceDate "2022.10.05"]
[SourceVersion "1"]
[SourceVersionDate "2022.10.05"]
[SourceQuality "1"]

1. c4 c5 2. g3 Nc6 3. Bg2 g6 4. Nc3 Bg7 5. Nf3 e5 6. 0-0 Nge7 7. d3 d6 8. Nd2 0-0 9. Nde4 f5 10. Ng5 h6 11. Nf3 Be6 12. Bd2 Qd7 13. Ne1 d5 14. cxd5 Nxd5 15. Nc2 Rac8 16. Ne3 Nde7 17. Nc4 Rfd8 18. Be3 Nd4 19. Rc1 Rc7 20. a4 Nec6 21. Bxd4 Nxd4 22. e3 Nc6 23. Nb5 Rcc8 24. Nxa7 Nxa7 25. Nb6 Qf7 26. Nxc8 Rxc8 27. Qd2 Qe7 28. Qa5 Nc6 29. Qxc5 Qd8 30. Qb5 Na5 31. Rxc8 Bxc8 32. Rc1 Bd7 33. Qd5+ Kh7 34. b4 Nc6 35. b5 Nb4 36. Qxb7 Be6 37. Rc7 Qf6 38. b6 Nxd3 39. h4 e4 1-0

[Event "BCF-ch U16"]
[Site "Torquay"]
[Date "2013.07.30"]
[Round "2"]
[White "Calderon, Paul"]
[Black "Finn, Peter"]
[Result "1-0"]
[WhiteElo "1778"]
[BlackElo "1874"]
[PlyCount "65"]
[EventDate "2013.07.29"]
[EventType "swiss"]
[EventRounds "7"]
[EventCountry "ENG"]
[SourceTitle "EXT 2023"]
[Source "ChessBase"]
[SourceDate "2022.10.05"]
[SourceVersion "1"]
[SourceVersionDate "2022.10.05"]
[SourceQuality "1"]

1. c4 e5 2. g3 Nf6 3. Bg2 d5 4. cxd5 Nxd5 5. Nc3 Nb6 6. Nf3 Nc6 7. 0-0 Be7 8. d3 Be6 9. Be3 Nd5 10. Bd2 f5 11. Re1 0-0 12. Nxd5 Bxd5 13. Bc3 Bxf3 14. Bxf3 Nd4 15. Bxb7 Rb8 16. Bg2 f4 17. e3 fxe3 18. fxe3 Nf5 19. Bxe5 Bd6 20. Bxd6 Qxd6 21. b3 Nxg3 22. hxg3 Qxg3 23. Re2 h5 24. Qe1 Qg5 25. Kh1 h4 26. Qg1 Qh5 27. Rf2 h3 28. Be4 Rxf2 29. Qxf2 Rf8 30. Qg3 Rf6 31. Rg1 Qh8 32. Qg5 h2 33. Qd5+ 1-0

[Event "BCF-ch U16"]
[Site "Torquay"]
[Date "2013.07.30"]
[Round "3"]
[White "Shepherd, Katherine M"]
[Black "Calderon, Paul"]
[Result "0-1"]
[WhiteElo "1746"]
[BlackElo "1778"]
[PlyCount "90"]
[EventDate "2013.07.29"]
[EventType "swiss"]
[EventRounds "7"]
[EventCountry "ENG"]
[SourceTitle "EXT 2023"]
[Source "ChessBase"]
[SourceDate "2022.10.05"]
[SourceVersion "1"]
[SourceVersionDate "2022.10.05"]
[SourceQuality "1"]

1. d4 Nf6 2. Nf3 e6 3. Bf4 b6 4. e3 Bb7 5. Nbd2 Be7 6. h3 Nc6 7. a3 d6 8. c4 d5 9. Rc1 0-0 10. Bd3 h6 11. 0-0 Bd6 12. cxd5 Nxd5 13. Bxd6 cxd6 14. b4 Nde7 15. b5 Na5 16. Nb3 Nxb3 17. Qxb3 Nd5 18. Be2 f5 19. Ne1 g5 20. Bf3 Rf7 21. Nd3 Rg7 22. Nb4 g4 23. hxg4 fxg4 24. Bxd5 exd5 25. Nxd5 Kh8 26. Nf4 g3 27. d5 Qh4 28. fxg3 Qxg3 29. Rf2 Re8 30. Ne6 Rxe6 31. dxe6 Bxg2 32. Qb2 Bf3+ 33. Rg2 Qxg2+ 34. Qxg2 Rxg2+ 35. Kf1 Rg7 36. Rc8+ Kh7 37. Rd8 Bg4 38. Rxd6 Re7 39. Kf2 Bxe6 40. Rd4 h5 41. Kf3 Kg6 42. Kf4 h4 43. e4 h3 44. Rd8 h2 45. Rd1 Rh7 0-1

[Event "BCF-ch U16"]
[Site "Torquay"]
[Date "2013.07.29"]
[Round "1"]
[White "Calderon, Paul"]
[Black "Cawley, Henry J"]
[Result "1-0"]
[WhiteElo "1778"]
[BlackElo "1386"]
[PlyCount "69"]
[EventDate "2013.07.29"]
[EventType "swiss"]
[EventRounds "7"]
[EventCountry "ENG"]
[SourceTitle "EXT 2023"]
[Source "ChessBase"]
[SourceDate "2022.10.05"]
[SourceVersion "1"]
[SourceVersionDate "2022.10.05"]
[SourceQuality "1"]

1. c4 e5 2. g3 g6 3. Bg2 Bg7 4. Nc3 d6 5. e3 Nf6 6. Nge2 Qe7 7. 0-0 c5 8. d4 cxd4 9. exd4 e4 10. Bg5 Bf5 11. Nd5 Qd8 12. Nec3 h6 13. Bxf6 Bxf6 14. Nxf6+ Qxf6 15. Nxe4 Bxe4 16. Bxe4 Nc6 17. Bxc6+ bxc6 18. Re1+ Kd7 19. b4 Rhe8 20. Qd2 Rxe1+ 21. Rxe1 g5 22. d5 c5 23. b5 a5 24. b6 Qd8 25. Qb2 Qf8 26. Qb5+ Kd8 27. b7 Rb8 28. Qxa5+ Kd7 29. Qb5+ Kc7 30. Qc6+ Kd8 31. a4 f5 32. Re6 f4 33. Rxd6+ Ke7 34. Qc7+ Ke8 35. Qd7# 1-0